000 01499nam a22002777a 4500
001 EPSA 0307
003 gtcocun
005 20250902195355.0
006 a||||gr|||| 00| 0
007 ta
008 250902b2025 gt ||||| m||| 00| 0 eng d
040 _agtcocun
_bSPA
_cgtcocun
_eRDA
041 _aSPA EPSA 0307
084 _0EPSA 0307
100 _aMilián Gonzáles, Danary Magaly
_eAutor
245 _aINFORME FINAL DEL EJERCICIO PROFESIONAL SUPERVISADO, REALIZADO EN CARRERA DE ADMINISTRACIÓN DE EMPRESAS DEL CENTRO UNIVERSITARIO DEL NORTE COBÁN, ALTA VERAPAZ/
_cDanary Magaly Milián Gonzáles
_hImpreso
264 _aCobán, Alta Verapaz:
_bUniversidad de San Carlos de Guatemala, Centro Universitario del Norte, Licenciatura en Administración de Empresas
_c2025
300 _a66 p.:
_bIlustraciones, gráficas.
_c28 cm;
502 _eEPSA 0307
502 _aEjercicio Profesional Supervisado
_bLicenciatura en Administración de Empresas,
_cUniversidad de San Carlos de Guatemala, Centro Universitario del Norte, Licenciatura en Administración de Empresas
_d2025
_oEPSA 0307
650 _2LEMB
_aCobán, Alta Verapaz
_xAdministración
_xGestión académica
_xProcedimientos administrativos
_xMonitoreo de datos
_xModalidades de graduación
_xOptimización de procesos
700 _aM.A. Erick Jerónimo Milián Santa Cruz
_eAsesor
856 _uSin archivo en línea.
_zSin archivo en línea.
942 _2ddc
_cTES
_iEPSA 0307
_kClasificación
_n0
_6EPSA_0307_000000000000000
999 _c1615
_d1615